Normal view
MARC view
- حرز الله، محمود مصطفى
Entry Personal Name
001 - CONTROL NUMBER
- control field: 65141
003 - CONTROL NUMBER IDENTIFIER
- control field: JO-AjAnu
005 - DATE AND TIME OF LATEST TRANSACTION
- control field: 20240325130751.0
008 - FIXED-LENGTH DATA ELEMENTS
- fixed length control field: 240325|| aca||aabn | a|a d
040 ## - CATALOGING SOURCE
- Original cataloging agency: JO-AjAnu
100 ## - HEADING--PERSONAL NAME
- Personal name: حرز الله، محمود مصطفى
- Relator term: مؤلف